اکھڑے ہے لوگ / (Record no. 106364)

MARC details
000 -LEADER
fixed length control field 00796nam a22002537a 4500
005 - DATE AND TIME OF LATEST TRANSACTION
control field 20170123162307.0
010 ## - LIBRARY OF CONGRESS CONTROL NUMBER
LC control number B-201003
020 ## - INTERNATIONAL STANDARD BOOK NUMBER
Terms of availability 275.00
International Standard Book Number 8158785430
035 ## - SYSTEM CONTROL NUMBER
System control number B-201003
037 ## - SOURCE OF ACQUISITION
Source of stock number/acquisition Cen Lib/Ret
040 ## - CATALOGING SOURCE
Original cataloging agency DPL
Language of cataloging UR
082 ## - DEWEY DECIMAL CLASSIFICATION NUMBER
Classification number ک
Item number ر ا م
100 ## - MAIN ENTRY--PERSONAL NAME
Personal name راملال
9 (RLIN) 41420
245 ## - TITLE STATEMENT
Title اکھڑے ہے لوگ /
Statement of responsibility, etc راملال
246 ## - VARYING FORM OF TITLE
Title proper/short title Ukhre huye log /
Remainder of title by Ramlal
260 ## - PUBLICATION, DISTRIBUTION, ETC. (IMPRINT)
Place of publication, distribution, etc نیی دہلی
Name of publisher, distributor, etc ادارہ فکرے جدید
Date of publication, distribution, etc 2006
270 ## - ADDRESS
Address 922, کچہ روہللہ خان، دریاگنج
City نیی دہلی
Postal code 110002
300 ## - PHYSICAL DESCRIPTION
Extent 251p.
Dimensions 21cm(Hb)
650 ## - SUBJECT ADDED ENTRY--TOPICAL TERM
Topical term or geographic name as entry element اردو ادب
9 (RLIN) 111062
650 ## - SUBJECT ADDED ENTRY--TOPICAL TERM
Topical term or geographic name as entry element اردو افسانے
9 (RLIN) 111063
650 ## - SUBJECT ADDED ENTRY--TOPICAL TERM
Topical term or geographic name as entry element Urdu literature
9 (RLIN) 111064
650 ## - SUBJECT ADDED ENTRY--TOPICAL TERM
Topical term or geographic name as entry element urdu stories
9 (RLIN) 111065
942 ## - ADDED ENTRY ELEMENTS (KOHA)
Source of classification or shelving scheme Dewey Decimal Classification
Koha item type Urdu Bks
Classification part ک
Call number suffix ر ا م
Holdings
Withdrawn status Lost status Damaged status Not for loan Home library Current library Date acquired Source of acquisition Cost, normal purchase price Total Checkouts Full call number Barcode Date last seen Date checked out Copy number Cost, replacement price Price effective from Koha item type
        Central Library Central Library 19/12/2015 Cen Lib/Ret 275.00 1 ک ر ا م B-201003 08/09/2017 31/08/2017 1 275.00 19/12/2015 Urdu Bks

© Delhi Public Library
Hit Counter
free hit counter